000 00375nam a2200133Ia 4500
008 220216s9999 xx 000 0 und d
100 _aYeoh O H
245 0 _aFracture mechanics of bond failure in the pure shear test piece
260 _bRubber Chemistry and Technology
_c2003
300 _a483-494
650 _aRubber tear
650 _aRubber-to-metal-bond
942 _cJS
999 _c59564
_d59564